000 01121cam a2200241 4500
008 030903n2003 000 0 eng u
035 _a(Sirsi) u123476
245 _aLandowners right to open land for public
260 _c2003
490 _aDEFRA News Release
_v(358/03) 2 September 2003 (3)
520 _aLandowners and leaseholders will be able to dedicate land for public access under new regulations that came into force on 1 September. The changes allow freeholders and those holding a lease of more than ninety years to dedicate land to be enjoyed by the public even if it was sold. The new regulations apply to England only. http://www.gnn.gov.uk/gnn/national.nsf/Daily+News/EE4AE525B261579380256D95004B28B3?opendocument.
590 _aWB
650 _aLANDOWNERS
650 _aLEASEHOLDERS
650 _aPUBLIC ACCESS
650 _aDEDICATION
650 _aDEDICATED LAND
650 _aRIGHT OF ACCESS
650 _aCOUNTRYSIDE AND RIGHTS OF WAY ACT 2000
650 _aACCESS TO THE COUNTRYSIDE (DEDICATION OF LAND) (ENGLAND) REGULATIONS 2003
690 _aBoundary disputes
_96221
942 _n0
999 _c73335
_d73335